[Event "TUR-chT2"]
[Site "Konya"]
[Date "2018.07.12"]
[Round "4.13"]
[White "Yatkin, Osman"]
[Black "Golcu, Munir"]
[Result "1-0"]
[WhiteElo "1689"]
[BlackElo "1624"]
[PlyCount "85"]
[EventDate "2018.07.10"]
[EventType "team-swiss"]
[EventRounds "9"]
[EventCountry "TUR"]
[SourceTitle "EXT 2019"]
[Source "ChessBase"]
[SourceDate "2018.10.10"]
[SourceVersion "1"]
[SourceVersionDate "2018.10.10"]
[SourceQuality "1"]
[WhiteTeam "Mugla Dalaman"]
[BlackTeam "Konya Selcuklu Belediyesi"]
[WhiteTeamCountry "TUR"]
[BlackTeamCountry "TUR"]

1. d4 Nf6 2. Nf3 g6 3. c4 d5 4. Nc3 Bg7 5. cxd5 Nxd5 6. e4 Nxc3 7. bxc3 c5 8. Bb5+ Bd7 9. Bxd7+ Qxd7 10. 0-0 0-0 11. Rb1 cxd4 12. cxd4 e6 13. Be3 b6 14. Qb3 Nc6 15. Rfd1 Na5 16. Qb4 Rac8 17. Rdc1 Rc7 18. Rxc7 Qxc7 19. Rc1 Qb7 20. Nd2 Rc8 21. Rb1 Rc7 22. Rb2 Rc1+ 23. Nf1 Rc7 24. Qb5 Qc8 25. Rb1 Nb7 26. e5 Nd8 27. Ng3 Nb7 28. Ne4 Bf8 29. Nf6+ Kg7 30. h3 Na5 31. Qd3 Nc4 32. Bf4 Na3 33. Rd1 Rc3 34. Qd2 Rc2 35. Rc1 Rxc1+ 36. Qxc1 Qxc1+ 37. Bxc1 Nb1 38. Bb2 Bb4 39. Ne4 Kg8 40. Kf1 Kf8 41. Ke2 Ke7 42. Kd3 a5 43. g4 1-0